Ulubieńcy selekcjonerów - Statystyki

Ogólne statystyki
  • Ten quiz został rozwiązany 84 razy
    81 od ostatniego zresetowania
  • Średni wynik to 4 z 24
Statystyki odpowiedzi
Selekcjoner L. Meczów Piłkarz % Poprawnych
Adam Nawałka 40 Robert Lewandowski
100%
Franciszek Smuda 30 Robert Lewandowski
100%
Jacek Gmoch 24 Grzegorz Lato
16%
Jacek Gmoch 24 Kazimierz Deyna
16%
Kazimierz Górski 55 Kazimierz Deyna
16%
Jacek Gmoch 24 Zbigniew Boniek
16%
Jerzy Engel 25 Michał Żewłakow
11%
Zbigniew Boniek 5 Maciej Żurawski
10%
Paweł Janas 38 Kamil Kosowski
9%
Zbigniew Boniek 5 Kamil Kosowski
9%
Leo Beenhakker 35 Mariusz Lewandowski
9%
Jerzy Engel 25 Paweł Kryszałowicz
9%
Antoni Piechniczek (1996-1997) 10 Tomasz Hajto
9%
Janusz Wójcik 20 Tomasz Iwan
6%
Henryk Apostel 15 Tomasz Wałdoch
6%
Antoni Piechniczek (1981-1986) 49 Włodzimierz Smolarek
6%
Lesław Ćmikiewicz 5 Adam Matysek
4%
Waldemar Fornalik 15 Adrian Mierzejewski
4%
Antoni Piechniczek (1981-1986) 49 Andrzej Buncol
3%
Antoni Piechniczek (1996-1997) 10 Jacek Zieliński
3%
Antoni Piechniczek (1996-1997) 10 Adam Ledwoń
1%
Wojciech Łazarek 31 Jan Urban
1%
Ryszard Kulesza 28 Marek Dziuba
1%
Andrzej Strejlau 44 Piotr Czachowski
1%
Nie znaleziono quizów pasujących do podanych kryteriów
Rozkład punktacji
Procent ludzi z każdym wynikiem
Percentyl według liczby udzielonych odpowiedzi
Twoja historia wyników
Nie rozwiązałeś tego quizu od ostatniego zresetowania